00384 a2200145 4500020002600000040001300026082001200039082001200051100002200063245004800085260003500133300001100168500002500179650003400204 a0-00-616130-8 (pbk) ; aDLCbDLC a823.912 a823.9121 aChristie, Agatha,04aThe murder at the vicaragecAgatha Christie aLondon :bHarperCollins,c1993 a221 s. aFirst published 1930 7aEnglish fictiony20th century